000 01458cam a2200253 4500
001 ##L136657
008 070213n2006 000 0 eng u
035 _a(Sirsi) u136657
041 0 _aeng
050 0 4 _a690.22 $2 18
100 1 _aBennett, Liz
245 0 4 _aThe commercial case for applying CDM
_bcase studies
_h[electronic resource]
260 _aSudbury
_bHSE
_c2006
490 0 _aHSE Research Report
_v467
520 _aProvides examples of the business benefits relating to early design decisions that are linked to the Construction (Design and Management) Regulations 1994. In particular, these examples highlight the connection between commercial benefits and health and safety. The case studies are divided into the following categories: macro decisions relating to site location and set up; site investigation focus; foundations; programme certainty; off site construction; access planning; and maintenance.
590 _aKA
650 2 4 _aCONSTRUCTION (DESIGN AND MANAGEMENT) REGULATIONS 1994
651 4 _aGREAT BRITAIN
690 _aBUILT ENVIRONMENT-CONSTRUCTION MANAGEMENT-CONSTRUCTION DESIGN AND MANAGEMENT
700 1 _aGilbertson, Alan
710 1 _aGreat Britain
_bHealth and Safety Executive
856 4 0 _uhttps://www.hsebooks.com/Books/product/product.asp?catalog_name=HSEBooks&category_name=Home%3A%3AHSE+Research%3A%3A&product_id=4776&cookie%5Ftest=1
_zView the report free of charge at www.hsebooks.com...
942 _n0
999 _c106463
_d106463